00871nam a22001937a 4500999001700000008004100017020001800058050002800076100002600104245022400130250001100354260004000365300002700405521002000432650003300452650002300485942004000508952012900548 c16094d16094161108b xxu||||| |||| 00| 0 eng d a9780780806733 aREF RA 778 .W7543 2004. aSutton, Amy L.d2004. aWomen's health concerns sourcebook :bbasic consumer health information about the medical and mental concerns of women, including maintaining health and wellness, gynecological concerns, breast health .../cAmy L Sutton a2nd ed aDetroit, MI :bOmnigraphics,c2004. axx, 748 pages ;c24cm. aIncludes index. aWomen -- Health and hygiene. aWomen -- Diseases. 2lcccBOOKShREF RA 778 .W7543 2004. 00102lcc4070aMUCbMUCcGENd2016-11-08eDonation (BFA)l0oREF RA 778 .W7543 2004.p27415r2016-11-08w2016-11-08yBOOKS